| 000 | 02244cam a22004694i 4500 | ||
|---|---|---|---|
| 003 | PE-LiUPU | ||
| 005 | 20250731173344.0 | ||
| 008 | 150706s2007 sp a r 000 0 spa d | ||
| 020 | _a9788433021878 | ||
| 035 | _a(Sirsi) i9788433021878 | ||
| 040 |
_aPE-LiUPU _bspa _cPE-LiUPU _erda |
||
| 049 | _aPRUA | ||
| 082 | 0 | 4 |
_a296.7 _bP29 _221 |
| 100 | 1 |
_aPaul, André, _eautor. |
|
| 245 | 1 | 3 |
_aLa Biblia antes de la Biblia : _bla gran revelación de los manuscritos del mar Muerto / _cAndré Paul ; [traducción, M.M. Leonetti]. |
| 264 | 1 |
_aBilbao : _bDesclée de Brouwer, _c[2007]. |
|
| 300 |
_a303 páginas : _bilustraciones, mapa ; _c24 centímetros |
||
| 336 |
_atext _2rdacontent |
||
| 337 |
_aunmediated _2rdamedia |
||
| 338 |
_avolume _2rdacarrier |
||
| 490 | 1 |
_aBiblioteca Manual Desclée ; _v57 |
|
| 505 | 0 | _aLa ley de Moisés y los libros de la ley -- Los libros de la ley recogidos en Qumrán y en otros lugares -- Derivados o competidores de los libros de la ley -- La ley "perfecta" reserva infinita de "revelación" -- Los libros de los profetas con David -- Los libros de los profetas recogidos en Qumrán y en otros lugares -- Derivados o competidores de los libros de los profetas -- Profetas de antaño y palabra profética de hoy -- Los otros libros o escritos -- Los "otros libros" bíblicos en Qumrán y en otros lugares -- Ecos y síntesis, lecciones y perspectivas -- Ecos y síntesis, lecciones y perspectivas. | |
| 526 | _aSEG42 | ||
| 526 | _aSEG41 | ||
| 526 | _aSEG40 | ||
| 526 | _aSEG39 | ||
| 526 | _aP94 | ||
| 526 | _aP87 | ||
| 526 | _aP86 | ||
| 526 | _aP85 | ||
| 526 | _aP77 | ||
| 526 | _aP76 | ||
| 526 | _aP35 | ||
| 541 | _g007-0020318; | ||
| 650 | 0 | 4 | _aManuscritos del Mar Muerto. |
| 910 |
_agl _bjv _clch _d20091009 |
||
| 942 |
_2ddc _cBOOK |
||
| 949 |
_a296.7 P29 _wDEWEY _c1 _i60377 _lCCODEBUL1 _mBUL _p43.00 _r0 _sY _tBOOK _u2015-7-6 _xTEOLOGIA _zUNKNOWN _0COMPRA _o.STAFF. Colección Teología |
||
| 994 |
_aC0 _bPEPRU |
||
| 596 | _a1 | ||
| 999 |
_a296.7 P29 _wDEWEY _c49832 _i60377 _d49832 _e2017-4-30 _f2021-11-11 _g5 _lCCODEBUL1 _mBUL _n2 _p43.00 _q5 _r0 _sY _tBOOK _u2015-7-6 _xTEOLOGIA _PP35 _0COMPRA _o.STAFF. Colección Teología |
||
| 980 |
_81 _gALBERTO SANCHEZ Responsable de Automatización |
||